000 00349 a2200169 4500
001 192651
020 _a978-85-7319-547-7
040 _cMagnum
100 _aFrança, Mary
240 1 0 _aCadê o rato?
_lpor
245 1 0 _aCadê o rato?
300 _a24
362 0 _a2007
440 1 _aDimensão
697 _aLITERATURA INFANTIL
942 _cBK
999 _c192651
_d192651